00337pab a2200133 454500008004000000100002100040245006300061260000900124300001000133362000900143650001100152700002100163773001900184180718b1983 xxu||||| |||| 00| 0 eng d aBrueckner, Jan K aA spatial model of housing attributesbTheory and evidence c1983 a58-69 aFeb. aHosing aPeter F. Colwell aLand Economics